The essential WordPerfect 8 book : (Record no. 193571)
[ view plain ]
| 000 -LEADER | |
|---|---|
| fixed length control field | 00830 a2200229 4500 |
| 003 - CONTROL NUMBER IDENTIFIER | |
| control field | Nust |
| 005 - DATE AND TIME OF LATEST TRANSACTION | |
| control field | 20230113161513.0 |
| 010 ## - LIBRARY OF CONGRESS CONTROL NUMBER | |
| LC control number | 97066854 |
| 020 ## - INTERNATIONAL STANDARD BOOK NUMBER | |
| International Standard Book Number | 0761504257 (pbk.) : |
| 035 ## - SYSTEM CONTROL NUMBER | |
| System control number | (OCoLC)37489311 |
| 040 ## - CATALOGING SOURCE | |
| Transcribing agency | Nust |
| 082 00 - DEWEY DECIMAL CLASSIFICATION NUMBER | |
| Classification number | 652.5,NEM |
| 100 1# - MAIN ENTRY--PERSONAL NAME | |
| Personal name | Nemes, Gabrielle R. |
| 9 (RLIN) | 106814 |
| 245 14 - TITLE STATEMENT | |
| Title | The essential WordPerfect 8 book : |
| Remainder of title | the get-it-done tutorial / |
| Statement of responsibility, etc. | Gabrielle R. Nemes with David Plotkin. |
| 246 3# - VARYING FORM OF TITLE | |
| Title proper/short title | Essential WordPerfect 8 book |
| 260 ## - PUBLICATION, DISTRIBUTION, ETC. | |
| Place of publication, distribution, etc. | Rocklin, Calif. : |
| Name of publisher, distributor, etc. | Prima Publishing, |
| Date of publication, distribution, etc. | 1997. |
| 300 ## - PHYSICAL DESCRIPTION | |
| Extent | xxvi, 570 p. : |
| Other physical details | ill. ; |
| Dimensions | 23 cm. |
| 505 ## - FORMATTED CONTENTS NOTE | |
| Formatted contents note | Part 1: Let’s Get Started (Page-1), Part 2: Daily Tasks (Page-77), Part 3: Reports and Presentations (Page-199), Part 4: Tell me More (Page-395). |
| 650 #0 - SUBJECT ADDED ENTRY--TOPICAL TERM | |
| Topical term or geographic name entry element | Word processing. |
| 9 (RLIN) | 36793 |
| 700 1# - ADDED ENTRY--PERSONAL NAME | |
| Personal name | Plotkin, David. |
| 9 (RLIN) | 64345 |
| 942 ## - ADDED ENTRY ELEMENTS (KOHA) | |
| Source of classification or shelving scheme | |
| Koha item type | Book |
| Withdrawn status | Lost status | Source of classification or shelving scheme | Damaged status | Not for loan | Permanent Location | Current Location | Shelving location | Date acquired | Full call number | Barcode | Date last seen | Price effective from | Koha item type | Public note |
|---|---|---|---|---|---|---|---|---|---|---|---|---|---|---|
| Military College of Signals (MCS) | Military College of Signals (MCS) | General Stacks | 12/12/2016 | 652.5,NEM | MCS27009 | 12/08/2016 | 12/12/2016 | Book | Almirah No.42, Shelf No.3 |
